000
00222nam a2200097Ia 4500
008
240331s9999 xx 000 0 und d
082
_a
300
_b
WAR
100
_a
Warren, C.A.B
245
0
_a
Gender issues in ethnography
942
_c
L
999
_c
985
_d
985